| 000 | 00389nam a2200145Ia 4500 | ||
|---|---|---|---|
| 005 | 20250729165738.0 | ||
| 008 | 250729s2014 xx 000 0 und d | ||
| 041 | _aeng | ||
| 082 | _a370.25 ANUE | ||
| 100 |
_aDr.AnupriyaChadha _9231957 |
||
| 245 | _aEducating Children with Special Needs | ||
| 260 |
_aNew Delhi _bA P H PUBLISHING _c2014 |
||
| 300 | _a167p | ||
| 650 |
_aPsychology _9231958 |
||
| 999 |
_c239542 _d239542 |
||